Central Library OPAC University of Rajshahi

Neighbors in action : (Record no. 41743)

MARC details
000 -LEADER
fixed length control field 01363nam a2200337 a 4500
001 - CONTROL NUMBER
control field 41743
003 - CONTROL NUMBER IDENTIFIER
rucl marc code (BD-RJUL)
005 - DATE AND TIME OF LATEST TRANSACTION
control field 20211209053437.0
008 - FIXED-LENGTH DATA ELEMENTS--GENERAL INFORMATION
fixed length control field 160605s1950 nyu b 000 0 eng
035 ## - SYSTEM CONTROL NUMBER
System control number MITb10915684
System control number (BD-RJUL) 41861
-- (OCoLC)01190296
040 ## - CATALOGING SOURCE
Original cataloging agency DLC
Transcribing agency ZHM
Modifying agency SER
-- OCL
-- UKM
-- UBA
-- (BD-RJUL)
-- MYG
Language of cataloging eng
041 ## - LANGUAGE CODE
Language code of text/sound track or separate title eng
082 ## - DEWEY DECIMAL CLASSIFICATION NUMBER
Classification number 370.19
Edition number 23
Author mark and year DUN 1950
090 ## - LOCALLY ASSIGNED LC-TYPE CALL NUMBER (OCLC); LOCAL CALL NUMBER (OCLC)
Classification number (OCLC) (R) ; Classification number, CALL (RLIN) (NR) CB199
Local cutter number (OCLC) ; Book number/undivided call number, CALL (RLIN) .D77x 1950
100 1# - MAIN ENTRY--PERSONAL NAME
Personal name DuBois, Rachel Davis.
9 (RLIN) 128227
245 10 - TITLE STATEMENT
Title Neighbors in action :
Remainder of title a manual for local leaders in intergroup relations /
Statement of responsibility, etc. Rachel Davis DuBois
250 ## - EDITION STATEMENT
Edition statement [1st ed.]
260 ## - PUBLICATION, DISTRIBUTION, ETC. (IMPRINT)
Place of publication, distribution, etc. New York :
Name of publisher, distributor, etc. Harper,
Date of publication, distribution, etc. [1950]
300 ## - PHYSICAL DESCRIPTION
Pagination xiv, 294 p.
Size 21 cm.
500 ## - GENERAL NOTE
General note "A report of a project in intergroup relations carried on by ... [the] Parents Association [of Junior High School 165, New York] in co-operation with the Workshop for Cultural Democracy."
504 ## - BIBLIOGRAPHY, ETC. NOTE
Bibliography, etc Includes bibliographies. "Books and pamphlets for boys and girls" : p. 277-283.
650 #0 - SUBJECT ADDED ENTRY--TOPICAL TERM
Topical term or geographic name as entry element Multicultural education.
9 (RLIN) 128228
651 #0 - SUBJECT ADDED ENTRY--GEOGRAPHIC NAME
Geographic name United States
General subdivision Race relations.
9 (RLIN) 128229
710 2# - ADDED ENTRY--CORPORATE NAME
Corporate name or jurisdiction name as entry element Robert E. Simons Junior High School (New York, N.Y.).
Subordinate unit Parents Association.
9 (RLIN) 128230
711 2# - ADDED ENTRY--MEETING NAME
Meeting name or jurisdiction name as entry element Workshop for Cultural Democracy (New York, N.Y.)
9 (RLIN) 128231
942 ## - ADDED ENTRY ELEMENTS (KOHA)
Source of classification or shelving scheme Dewey Decimal Classification
Koha item type Books
946 ## - LOCAL PROCESSING INFORMATION (OCLC)
a t
949 ## - LOCAL PROCESSING INFORMATION (OCLC)
a c
p 39080021848129
Holdings
Lost status Source of classification or shelving scheme Damaged status Not for loan Collection code Permanent Location Current Location Shelving location Date acquired Source of acquisition Total Checkouts Full call number Date last seen Copy number Koha item type
  Dewey Decimal Classification     Non-fiction Central Library, University of Rajshahi Central Library, University of Rajshahi   28/02/1958 U.S.I.S Dacca   370.19 DUN 1950 05/06/2016 C-2 Books